ՀՀ Գիտությունների ազգային ակադեմիայի հիմնարար գիտական գրադարան  =   Fundamental Scientific Library of NAS RA

Հանքերի փակում : (Record no. 329568)

MARC details
000 -LEADER
fixed length control field 00972nam a2200241 a 4500
001 - CONTROL NUMBER
control field 000994340
003 - CONTROL NUMBER IDENTIFIER
control field AM-YeHGA
005 - DATE AND TIME OF LATEST TRANSACTION
control field 20250617150351.0
008 - FIXED-LENGTH DATA ELEMENTS--GENERAL INFORMATION
fixed length control field 131127s2005 ai r 000 0 arm d
020 ## - INTERNATIONAL STANDARD BOOK NUMBER
International Standard Book Number 9789292358976
040 ## - CATALOGING SOURCE
Original cataloging agency AM-YeHGA
041 0# - LANGUAGE CODE
Language code of text/sound track or separate title arm
090 ## - LOCALLY ASSIGNED LC-TYPE CALL NUMBER (OCLC); LOCAL CALL NUMBER (RLIN)
-- 331322
245 00 - TITLE STATEMENT
Title Հանքերի փակում :
Remainder of title Հանքարդունահանման կայուն շահագործման քաղաքականություն և ուղեցույցներ ու հանքերի փակում /
Statement of responsibility, etc. Խմբ.՝ Ա. Բաղդասարյան և ուրիշն.
260 ## - PUBLICATION, DISTRIBUTION, ETC.
Place of publication, distribution, etc. Ե. :
Name of publisher, distributor, etc. Ասողիկ,
Date of publication, distribution, etc. 2005.
300 ## - PHYSICAL DESCRIPTION
Extent 154 էջ :
Other physical details նկ., գծանկ., աղյս.
500 ## - GENERAL NOTE
General note Մատենագիտ.՝ էջ 135-138 անգլ.
504 ## - BIBLIOGRAPHY, ETC. NOTE
Bibliography, etc. note Տողատ. ծանոթ.
525 ## - SUPPLEMENT NOTE
Supplement note Հավելված՝ էջ 141-154
650 14 - SUBJECT ADDED ENTRY--TOPICAL TERM
Topical term or geographic name entry element Շրջակա միջավայրի պահպանություն
650 14 - SUBJECT ADDED ENTRY--TOPICAL TERM
Topical term or geographic name entry element Հանքավայրեր
700 1# - ADDED ENTRY--PERSONAL NAME
Personal name Բաղդասարյան, Ա.
Relator term խմբ.
Relationship edt
Holdings
Withdrawn status Lost status Damaged status Not for loan Collection Home library Current library Date acquired Cost, normal purchase price Shelving control number Total checkouts Full call number Barcode Date last seen Price effective from Koha item type Public note
        General Fundamental Scientific Library Fundamental Scientific Library 09/01/2017 2000.00     AII/99360 FL0284544 09/01/2017 09/01/2017 Գրքեր / Books 30 Days Loan
        General Fundamental Scientific Library Fundamental Scientific Library 09/01/2017 2000.00     AII/99361 FL0284545 09/01/2017 09/01/2017 Գրքեր / Books 30 Days Loan
        General Fundamental Scientific Library Fundamental Scientific Library 09/01/2017 2000.00     AII/99362 FL0284546 09/01/2017 09/01/2017 Գրքեր / Books 30 Days Loan


ՀՀ ԳԱԱ հիմնարար գիտական գրադարան
ՀՀ,Երևան 0019
Մարշալ Բաղրամյան 24/6
հեռախոս:(374-10) 52-47-50
Հետադարձ կապ

All site content, except where otherwise noted, is licensed under a
Creative Commons License